Retrouve le premier jeu des streamers smm - Statistiques

Statistiques générales
  • Ce quiz a été pris 8 fois
  • Le résultat moyen est 4 sur 29
Statistiques - réponses
Hint Réponse % Correct
kinghostacos Mario Kart 8 Deluxe
50%
PixLyro Pokémon
50%
LeMaitreDuMasque Super Mario 64
50%
z_sharky32 The World's Hardest Game
50%
MeepleTrix Apex Legends
25%
LMJ_le_vrai Minecraft
25%
MannedTooth Minecraft
25%
SkyGalaxya Pokémon
25%
DonF_me Resident Evil 2
25%
MrGreggySpike Super Smash Bros. Ultimate
25%
YouroTV Super Smash Bros. Ultimate
25%
Gamours 7 Days to Die
0%
Superplex25 Among Us
0%
ailscream51 Among Us
0%
trolicbwt Crucible
0%
ZekethsM Disgaea 5: Alliance of vengeance
0%
EnrageShark DOOM Eternal
0%
prof_guillaume Fall Guys
0%
sebouille89 League of Legend
0%
LaCourgette42 Minecraft
0%
stardam Minecraft
0%
GitanOfLegend Monster Hunter Rise
0%
TrefleeFL Pokémon
0%
TensaZangetsu22 Pokémon
0%
dbl_420 Rocket League
0%
Terracraft15_ Super Mario 64
0%
linkdam Terraria
0%
Esaenos The End Is Nigh
0%
ironwish_ TrackMania 2: Stadium
0%
Aucun quiz correspondant
Distribution des résultats
% des personnes avec chaque résultat
Percentile par nombre de réponses
Votre historique - résultats
Vous n’avez pas pris ce quiz